|
|
|
|
| LEADER |
00000nab a2200000 4500 |
| 001 |
vtls012009557 |
| 003 |
SK-MaSNL |
| 005 |
20260303214621.0 |
| 008 |
201217|2020 xo |||| ||an ||00 0|slo |
| 015 |
|
|
|a SNBRB2020/12
|
| 040 |
|
|
|a SPKCL
|b slo
|e rda
|
| 041 |
|
|
|a slo
|b slo
|b eng
|
| 044 |
|
|
|a xo
|c SK
|
| 072 |
|
7 |
|a 159.95
|x Vyššie duševné procesy
|2 konspekt
|
| 080 |
|
|
|a 159.923.5
|2 2011
|
| 080 |
|
|
|a 159.953.5
|2 2011
|
| 100 |
1 |
|
|a Miháliková Žitňáková, Žaneta
|4 aut
|9 1249811
|
| 245 |
1 |
0 |
|a Sebahodnotenie žiakov s vývinovými poruchami učenia
|c Žaneta Miháliková Žitňáková, Mária Paľová
|
| 336 |
|
|
|a text
|b txt
|2 rdacontent
|
| 337 |
|
|
|a bez média
|b n
|2 rdamedia
|
| 338 |
|
|
|a zväzok
|b nc
|2 rdacarrier
|
| 504 |
|
|
|a Obsahuje bibliografiu
|
| 546 |
|
|
|a Anglické a slovenské resumé
|
| 650 |
0 |
7 |
|a špecifické poruchy učenia
|2 snkbucl
|9 3738
|
| 650 |
0 |
7 |
|a sebahodnotenie
|2 SNKPH
|9 21934
|
| 650 |
0 |
7 |
|a kazuistika
|2 snkbucl
|9 19523
|
| 650 |
0 |
7 |
|a žiaci
|2 SNKPH
|9 16621
|
| 700 |
1 |
|
|a Paľová, Mária
|4 aut
|9 219335
|
| 773 |
0 |
|
|t Psychológia a patopsychológia dieťaťa
|g Roč. 54, č. 2 (2020) s. 152-166
|x 0555-5574
|
| 958 |
|
|
|a NB
|
| 999 |
|
|
|c 2217921
|d 2219851
|